| 000 | 01566nam a2200361 i 4500 | ||
|---|---|---|---|
| 003 | EG-GICUC | ||
| 005 | 20260314092858.0 | ||
| 008 | 260128s1989 ua |||fr|||| 00| 0 ara d | ||
| 017 | _a2483/89 | ||
| 020 | _a9770404608 | ||
| 040 |
_a EG-GICUC _bara _c EG-GICUC _d EG-GICUC _erda |
||
| 041 | 0 | _aAra | |
| 082 | 0 | 4 |
_221 _a343.3 _bع ب . ق |
| 092 | 0 | 4 | _221 |
| 099 | _aLaw1 10 343.3ع ب . ق 1989 | ||
| 100 | 0 |
_aعبدالرحيم صدقى _eمؤلف. |
|
| 245 | 1 | 2 |
_aالقانون الجنائى والإجراءات الجنائية فى دراسات إجراءات الجنائية العامة. _nالجزء الأول / _cتأليف دكتور عبدالرحيم صدقى. |
| 264 | 3 |
_aالقاهرة : _bدار الطباعة للجامعات، _c1989. |
|
| 300 |
_a441 صفحة؛ _c24 سم. _bإيضاحيات، صور، مثيليات ؛ |
||
| 336 |
_2rda content _atext |
||
| 337 |
_2rda media _aComputer |
||
| 338 |
_2rda carrier _aOnline Resource |
||
| 490 |
_a موسوعة صدقى فى القانون الجنائى؛ _vالمجلد الرابع |
||
| 500 | _aجميع الإستدلالات والتحقيق. المحاكمة. طرق الطعن فى الأحكام. | ||
| 504 | _a. 240-220 ببليوجرافيا: صفحات. | ||
| 546 | _aالنص باللغة العربية | ||
| 650 | 1 |
_aقانون الإجراءات الجنائية _2qrmak |
|
| 650 | 1 |
_aالقانون الجنائى _2qrmak |
|
| 651 | 1 | _2qrmak | |
| 856 | 4 | 0 | _uhttps://fll.law.cu.edu.eg/fulltext/bks/B10-08714.pdf |
| 905 | _a54 | ||
| 942 |
_2ddc _cBK _e21 _n0 |
||
| 999 |
_c59918 _d59918 |
||